00530nam a2200157Ia 450000500170000000800410001708200130005810000260007124500440009726000520014130000170019350000460021094200060025695200950026299900150035720250120002513.0240331s9999 xx 000 0 und d bVYTa920 aVythilingam, M (B. A) 4aThe Life of Sir Ponnambalam Ramanathan  aColombobRamanathan Commemoration Societyc1971 aXv, 605 p ., aA biography of Sir ponnambalam Ramanathan cL 001040708LaWERCLbWERCLcSSCd2024-03-31l0o 920 VYTp6706r2024-03-31w2024-03-31yL c5732d5732